Luyện tập và tự kiểm tra, đánh giá theo chuẩn kiến thức, kĩ năng : Hình học 12
Sách gồm 3 chương được viết theo từng bài của sách giáo khoa, mỗi bài gồm các mục sau: A. Kiến thức cần nhớ theo Chuẩn kiến thức, kĩ năng ; B. Một số ví dụ ; C.Bài tập đề nghị. Cuối sách là phần Lời giải - Hướng dẫn - Đáp số...
Kaydedildi:
| Yazar: | |
|---|---|
| Materyal Türü: | Kitap |
| Dil: | Undetermined |
| Baskı/Yayın Bilgisi: |
Hà Nội
Giáo dục Việt Nam
2011
|
| Konular: | |
| Etiketler: |
Etiketle
Etiket eklenmemiş, İlk siz ekleyin!
|
| Thư viện lưu trữ: | Trung tâm Học liệu Trường Đại học Cần Thơ |
|---|
| LEADER | 01136nam a2200229Ia 4500 | ||
|---|---|---|---|
| 001 | CTU_184919 | ||
| 008 | 210402s9999 xx 000 0 und d | ||
| 020 | |c 27500 | ||
| 082 | |a 516.00712 | ||
| 082 | |b C561 | ||
| 100 | |a Văn, Như Cương | ||
| 245 | 0 | |a Luyện tập và tự kiểm tra, đánh giá theo chuẩn kiến thức, kĩ năng : | |
| 245 | 0 | |b Hình học 12 | |
| 245 | 0 | |c Văn Như Cương (chủ biên) , Phạm Khắc Ban , Lê Huy Hùng | |
| 260 | |a Hà Nội | ||
| 260 | |b Giáo dục Việt Nam | ||
| 260 | |c 2011 | ||
| 520 | |a Sách gồm 3 chương được viết theo từng bài của sách giáo khoa, mỗi bài gồm các mục sau: A. Kiến thức cần nhớ theo Chuẩn kiến thức, kĩ năng ; B. Một số ví dụ ; C.Bài tập đề nghị. Cuối sách là phần Lời giải - Hướng dẫn - Đáp số | ||
| 650 | |a Geometry,Hình học | ||
| 650 | |x Study and teaching,Học và giảng dạy | ||
| 904 | |i Tuyến | ||
| 980 | |a Trung tâm Học liệu Trường Đại học Cần Thơ | ||